| 000 | 00728nam a2200265Ia 4500 | ||
|---|---|---|---|
| 003 | OSt | ||
| 005 | 20221007121630.0 | ||
| 006 | a|||||r|||| 00| 0 | ||
| 007 | ta | ||
| 008 | 221006b |||||||| |||| 00| 0 eng d | ||
| 020 |
_a8120407830 (pbk) _cRs. 120.00(pbk) |
||
| 024 | _a2675 | ||
| 037 | _cTextual | ||
| 040 |
_aBDL _cBDL _beng |
||
| 041 |
_2eng _aeng |
||
| 082 | _aI,12, N3 | ||
| 100 |
_aRazdan M K _9420027 |
||
| 245 | 0 | _aIntroduction to plant tissue culture by M K Razdan | |
| 260 |
_aNew _bDelhi Oxford IBH Publication _c1993 |
||
| 300 |
_a398p _ccm. |
||
| 650 |
_a Tissue _9712631 |
||
| 650 |
_aI,12^bBotany _9712632 |
||
| 942 |
_hI,12, N3 _cTEXL _2CC |
||
| 999 |
_c1209104 _d1209104 |
||